Name all metalloids - Statistics

General Stats
  • This quiz has been taken 40 times
  • The average score is 5 of 7
Answer Stats
Atomic number Element % Correct
5 boron
100%
33 arsenic
77%
14 silicon
77%
32 germanium
73%
51 antimony
55%
84 polonium
50%
52 tellurium
50%
No matching quizzes found
Score Distribution
Percent of People with Each Score
Percentile by Number Answered
Your Score History
You have not taken this quiz